| 000 | 00820cam a2200241 a 4500 | ||
|---|---|---|---|
| 001 | 000006127 | ||
| 005 | 20200929151936.0 | ||
| 008 | 930723s1991 sp 001 p spa d | ||
| 020 | _a8476582870 | ||
| 040 |
_aDO-SdBNP _cAzU _dDLC |
||
| 082 |
_a861.64 _bM722r |
||
| 100 | 1 |
_aMolina, Cesar Antonio _q(César Antonio Molina Sánchez), _d1952- _917246 |
|
| 245 | 1 | 4 |
_aLas ruinas del mundo / _cCésar Antonio Molina ; prólogo, Ángel Crespo. |
| 260 |
_aBarcelona : _bAnthropos, _c1991. |
||
| 300 |
_a430 p. ; _c20 cm. |
||
| 490 | 1 | _aÁmbitos literarios | |
| 490 | 1 |
_aPoesía _vno. 101 |
|
| 650 | 4 |
_aPoesía española _9631 |
|
| 650 | 4 |
_aLiteratura española _ySIGLO XXI _94846 |
|
| 700 | 1 |
_aCrespo, Ángel, _etr. _917247 |
|
| 830 | 0 |
_aÁmbito literarios. _ppoesía ; _vno. 101. _917248 |
|
| 910 | _aCatalogación por copia / LC | ||
| 999 |
_c5923 _d5923 |
||